[Event "Tehran Paytakht Cup 4th"]
[Site "Tehran"]
[Date "2019.11.04"]
[Round "6"]
[White "Hosseinipour, Mehdi"]
[Black "Tahbaz, Arash"]
[Result "0-1"]
[WhiteElo "2276"]
[BlackElo "2477"]
[PlyCount "106"]
[EventDate "2019.10.30"]
[EventType "swiss"]
[EventRounds "9"]
[EventCountry "IRI"]
[SourceTitle "CBM 192 Extra"]
[Source "Chessbase"]
[SourceDate "2019.11.06"]
[SourceVersion "1"]
[SourceVersionDate "2019.11.06"]
[SourceQuality "1"]

1. e4 c5 2. Nf3 d6 3. d4 cxd4 4. Nxd4 Nf6 5. Nc3 a6 6. Be2 e6 7. 0-0 Nc6 8. Be3 Be7 9. a4 0-0 10. f4 Bd7 11. Nb3 b6 12. Bf3 Qc7 13. g4 Bc8 14. g5 Nd7 15. Bg2 Re8 16. Rf3 Bf8 17. Rh3 g6 18. Qe1 Bg7 19. Qh4 Nf8 20. f5 Bxc3 21. f6 h5 22. gxh6 Kh7 23. bxc3 Ne5 24. Bf2 Bb7 25. Qf4 Nfd7 26. Rg3 Qd8 27. Rf1 Qxf6 28. Qd2 Qe7 29. Rd1 Nf6 30. Qd4 Rac8 31. Nd2 Nh5 32. Re3 Ng4 33. Rf3 Ne5 34. Re3 Ng4 35. Rf3 e5 36. Qxb6 Nf4 37. Bg3 Nxg2 38. Kxg2 f5 39. Rdf1 f4 40. Kg1 Nxh6 41. Bf2 Nf7 42. h4 Qd7 43. Rd3 Rb8 44. Kh2 g5 45. Qa7 Ra8 46. Qb6 g4 47. Kg2 Rg8 48. Bg1 g3 49. Rd1 Bc8 50. Kf1 Qh3+ 51. Ke1 Bg4 52. Nf3 Qg2 53. Qb7 Raf8 0-1

[Event "Tehran Paytakht Cup 4th"]
[Site "Tehran"]
[Date "2019.11.03"]
[Round "5"]
[White "Darini, Pouria"]
[Black "Hosseinipour, Mehdi"]
[Result "1/2-1/2"]
[WhiteElo "2427"]
[BlackElo "2276"]
[PlyCount "129"]
[EventDate "2019.10.30"]
[EventType "swiss"]
[EventRounds "9"]
[EventCountry "IRI"]
[SourceTitle "CBM 192 Extra"]
[Source "Chessbase"]
[SourceDate "2019.11.06"]
[SourceVersion "1"]
[SourceVersionDate "2019.11.06"]
[SourceQuality "1"]

1. c4 e5 2. g3 c6 3. Nf3 e4 4. Nd4 Nf6 5. Bg2 Qb6 6. Nb3 a5 7. d3 a4 8. N3d2 d5 9. cxd5 exd3 10. Nc3 cxd5 11. exd3 Qa5 12. 0-0 Be7 13. Nf3 Nc6 14. a3 0-0 15. Be3 Bg4 16. Ne2 Qb5 17. Rb1 Rfe8 18. h3 Bf5 19. Nf4 Bd6 20. Nh4 Bd7 21. Nh5 Be7 22. b3 d4 23. Nxf6+ Bxf6 24. bxa4 Qxa4 25. Bf4 Qa6 26. Qh5 g6 27. Qb5 Qxb5 28. Rxb5 Bc8 29. Bd6 Rd8 30. Bc5 Ne5 31. Rd1 Ra4 32. Nf3 Nc6 33. Nd2 Be7 34. Nb3 Bxc5 35. Nxc5 Rxa3 36. Nxb7 Bxb7 37. Rxb7 Rc3 38. Re1 Rd6 39. Rb6 Kg7 40. Ra1 Re6 41. Bd5 Rd6 42. Bc4 Rf6 43. f4 Ne7 44. Rxf6 Kxf6 45. Ra6+ Kg7 46. Ra7 Kf8 47. Rd7 Ke8 48. Rb7 Nf5 49. Bxf7+ Kd8 50. Bc4 Nxg3 51. Kf2 Ne4+ 52. Ke2 Nd6 53. Rb4 Ke7 54. Bg8 Rc2+ 55. Kf3 Rh2 56. Kg3 Rd2 57. Bxh7 Nf5+ 58. Kg4 Rg2+ 59. Kf3 Rg3+ 60. Ke4 Re3+ 61. Kd5 Kf7 62. Rb6 Ne7+ 63. Kxd4 Rxh3 64. Bxg6+ Nxg6 65. Ke4 1/2-1/2

[Event "Titled Tuesday intern op 2nd July"]
[Site "Chess.com INT"]
[Date "2019.07.02"]
[Round "5"]
[White "Hosseinipour, Mehdi"]
[Black "Bluebaum, Matthias"]
[Result "0-1"]
[WhiteElo "2274"]
[BlackElo "2619"]
[PlyCount "62"]
[EventDate "2019.07.02"]
[EventType "swiss (blitz)"]
[EventRounds "10"]
[EventCountry "USA"]
[SourceTitle "EXT 2021"]
[Source "ChessBase"]
[SourceDate "2020.10.23"]
[SourceVersion "1"]
[SourceVersionDate "2020.10.23"]
[SourceQuality "1"]

1. e4 c6 2. d4 d5 3. e5 c5 4. dxc5 e6 5. a3 Bxc5 6. b4 Be7 7. Nf3 a5 8. b5 f6 9. Bb2 Nd7 10. Bd3 Nh6 11. 0-0 Nf7 12. exf6 Bxf6 13. Bxf6 Qxf6 14. Nbd2 e5 15. Re1 0-0 16. Qe2 e4 17. Nxe4 dxe4 18. Bxe4 Nc5 19. Bd5 Bg4 20. Qc4 Bxf3 21. Bxf3 Rac8 22. Rad1 Kh8 23. Rd5 b6 24. Qe2 h6 25. g3 Nd6 26. Bg2 Rce8 27. Qf1 Rxe1 28. Qxe1 Nxb5 29. a4 Nc3 30. Re5 N3xa4 31. Re8 Nb2 0-1

[Event "Titled Tuesday intern op 2nd July"]
[Site "Chess.com INT"]
[Date "2019.07.02"]
[Round "2"]
[White "Hosseinipour, Mehdi"]
[Black "Moranda, Wojciech"]
[Result "1-0"]
[WhiteElo "2274"]
[BlackElo "2597"]
[PlyCount "46"]
[EventDate "2019.07.02"]
[EventType "swiss (blitz)"]
[EventRounds "10"]
[EventCountry "USA"]
[SourceTitle "EXT 2021"]
[Source "ChessBase"]
[SourceDate "2020.10.23"]
[SourceVersion "1"]
[SourceVersionDate "2020.10.23"]
[SourceQuality "1"]

1. e4 c5 2. Nf3 d6 3. d4 cxd4 4. Nxd4 Nf6 5. Nc3 a6 6. Be2 e6 7. 0-0 Be7 8. f4 Qc7 9. Bf3 Nc6 10. Be3 0-0 11. a4 Bd7 12. Nb3 b6 13. g4 Bc8 14. g5 Nd7 15. Bg2 Bb7 16. Rf3 Rfe8 17. Rh3 Nf8 18. Qh5 Na5 19. Nxa5 bxa5 20. Rf1 Rab8 21. Rf2 Ba8 22. f5 Rxb2 23. fxe6 Qxc3 1-0

[Event "Titled Tuesday intern op 2nd Febr"]
[Site "Chess.com INT"]
[Date "2019.02.05"]
[Round "9"]
[White "Hosseinipour, Mehdi"]
[Black "Galchenko, Matvey"]
[Result "1-0"]
[WhiteElo "2285"]
[BlackElo "2360"]
[PlyCount "179"]
[EventDate "2019.02.05"]
[EventType "swiss (blitz)"]
[EventRounds "10"]
[EventCountry "USA"]
[SourceTitle "EXT 2021"]
[Source "ChessBase"]
[SourceDate "2020.10.23"]
[SourceVersion "1"]
[SourceVersionDate "2020.10.23"]
[SourceQuality "1"]

1. e4 e6 2. d4 d5 3. Nd2 Be7 4. Bd3 c5 5. dxc5 Nf6 6. Qe2 0-0 7. Ngf3 a5 8. 0-0 Na6 9. exd5 Nxd5 10. Ne4 Nxc5 11. Nxc5 Bxc5 12. Bg5 f6 13. Bd2 Qc7 14. Bc4 Kh8 15. Rad1 Nf4 16. Bxf4 Qxf4 17. Bxe6 Re8 18. Bxc8 Raxc8 19. Qb5 b6 20. Rfe1 Rf8 21. c3 g5 22. Qe2 Rfe8 23. Qxe8+ Rxe8 24. Rxe8+ Kg7 25. Nd4 Kf7 26. Ree1 a4 27. a3 h5 28. Re2 h4 29. h3 g4 30. Rde1 gxh3 31. gxh3 Bxd4 32. cxd4 Qxd4 33. Re7+ Kg6 34. R1e2 Qd1+ 35. Kg2 Qd5+ 36. Kg1 Qf5 37. R7e3 Qb1+ 38. Kg2 Kg5 39. Re4 f5 40. Rd4 Qc1 41. Rd5 Qc6 42. Ree5 Qc2 43. Rxf5+ Kg6 44. Rb5 Qe4+ 45. Rf3 Qc6 46. Rb4 Kg5 47. Rg4+ Kh5 48. Rgf4 Qc1 49. Rf5+ Kg6 50. Rf6+ Kg7 51. Rxb6 Qc2 52. Rb4 Kg6 53. Rg4+ Kh5 54. Rb4 Qd1 55. Rff4 Qd5+ 56. Rbe4 Qb7 57. Rxh4+ Kg5 58. Rhg4+ Kf5 59. Rgf4+ Kg5 60. Kg3 Qxb2 61. Rxa4 Qb3+ 62. Kg2 Qb7+ 63. Rf3 Kh5 64. Rg4 Qd5 65. a4 Qa8 66. Rgf4 Qg8+ 67. Kf1 Qa2 68. a5 Qb1+ 69. Kg2 Qg6+ 70. Rg4 Qa6 71. Ra4 Qg6+ 72. Rg4 Qa6 73. Rf5+ Kh6 74. Rgf4 Qc6+ 75. Kg3 Qc3+ 76. Kg4 Qg7+ 77. Kf3 Qc3+ 78. Kg2 Qc6+ 79. Rf3 Qg6+ 80. Kf1 Qa6+ 81. Kg2 Qg6+ 82. Kh1 Qh7 83. a6 Qa7 84. Rf6+ Kg5 85. Kg2 Qa8 86. Kg3 Qb8+ 87. R3f4 Qb3+ 88. f3 Qb8 89. a7 Qb1 90. R4f5+ 1-0

[Event "Titled Tuesday intern op 2nd Febr"]
[Site "Chess.com INT"]
[Date "2019.02.05"]
[Round "2"]
[White "Perez Rodriguez, Jennifer"]
[Black "Hosseinipour, Mehdi"]
[Result "0-1"]
[WhiteElo "2237"]
[BlackElo "2285"]
[PlyCount "84"]
[EventDate "2019.02.05"]
[EventType "swiss (blitz)"]
[EventRounds "10"]
[EventCountry "USA"]
[SourceTitle "EXT 2021"]
[Source "ChessBase"]
[SourceDate "2020.10.23"]
[SourceVersion "1"]
[SourceVersionDate "2020.10.23"]
[SourceQuality "1"]

1. e4 c5 2. c3 Nf6 3. e5 Nd5 4. d4 cxd4 5. Nf3 Nc6 6. cxd4 d6 7. Bc4 Nb6 8. Bb5 Bd7 9. exd6 e6 10. Nc3 Bxd6 11. d5 exd5 12. Nxd5 Nxd5 13. Qxd5 Qe7+ 14. Be3 Bb4+ 15. Nd2 0-0 16. 0-0 Be6 17. Qh5 Rad8 18. Rfd1 Rd5 19. Qe2 Rfd8 20. a3 Bxd2 21. Rxd2 Rxd2 22. Bxd2 Nd4 23. Qe5 Nxb5 24. Bb4 Qd7 25. h3 Qd5 26. Qg3 f6 27. Rc1 Bf7 28. Rc5 Qd1+ 29. Kh2 a6 30. Qf4 Qd6 31. Qxd6 Nxd6 32. Rc7 h6 33. Bxd6 Rxd6 34. Rxb7 Bd5 35. Rb8+ Kf7 36. f3 Rc6 37. Kg3 Rc2 38. Rb6 Bc4 39. Rc6 Bd3 40. Rd6 Bf1 41. f4 Rxg2+ 42. Kf3 Rxb2 0-1

[Event "Titled Tuesday intern op 1st Jan"]
[Site "Chess.com INT"]
[Date "2019.01.01"]
[Round "9"]
[White "Costachi, Mihnea"]
[Black "Hosseinipour, Mehdi"]
[Result "0-1"]
[WhiteElo "2469"]
[BlackElo "2284"]
[PlyCount "122"]
[EventDate "2019.01.01"]
[EventType "swiss (blitz)"]
[EventRounds "10"]
[EventCountry "USA"]
[SourceTitle "EXT 2021"]
[Source "ChessBase"]
[SourceDate "2020.10.23"]
[SourceVersion "1"]
[SourceVersionDate "2020.10.23"]
[SourceQuality "1"]

1. d4 Nf6 2. c4 e6 3. Nf3 b6 4. g3 Bb4+ 5. Bd2 Be7 6. Bg2 c6 7. 0-0 d5 8. Nc3 0-0 9. cxd5 cxd5 10. Rc1 Bb7 11. Qa4 a6 12. Ne5 Nfd7 13. Nd3 Nc6 14. e3 Rc8 15. Qd1 Nf6 16. a3 Bd6 17. f4 Na5 18. Ne5 Nc4 19. Nxc4 Rxc4 20. g4 Rc7 21. g5 Ne4 22. Nxe4 dxe4 23. Rxc7 Qxc7 24. Qb1 Qc6 25. Rc1 Qd5 26. Qc2 f6 27. gxf6 gxf6 28. Kh1 Kh8 29. Rg1 Rc8 30. Qd1 Rg8 31. Bh3 Rxg1+ 32. Kxg1 Qc4 33. Bc3 Bd5 34. Qh5 Kg7 35. Qe8 Qe2 36. Qd7+ Kh6 37. Qxd6 Qxe3+ 38. Kg2 Qf3+ 39. Kg1 Qe3+ 40. Kg2 Qf3+ 41. Kg1 Qxh3 42. Qf8+ Kg6 43. Qg8+ Kf5 44. Qg3 Qg4 45. Kf2 Qxf4+ 46. Qxf4+ Kxf4 47. Bd2+ Kf5 48. Ke3 Kg4 49. Be1 h5 50. Bg3 Kh3 51. Bc7 b5 52. b4 Kg2 53. Bg3 Kh3 54. Bb8 h4 55. Bd6 Kg2 56. Be7 Kxh2 57. Bxf6 Kg3 58. Be5+ Kg2 59. Bf6 h3 60. Be5 h2 61. Bxh2 Kxh2 0-1

[Event "Titled Tuesday intern op 1st Jan"]
[Site "Chess.com INT"]
[Date "2019.01.01"]
[Round "10"]
[White "Hosseinipour, Mehdi"]
[Black "Biyiasas, Peter"]
[Result "1-0"]
[WhiteElo "2284"]
[BlackElo "2450"]
[PlyCount "90"]
[EventDate "2019.01.01"]
[EventType "swiss (blitz)"]
[EventRounds "10"]
[EventCountry "USA"]
[SourceTitle "EXT 2021"]
[Source "ChessBase"]
[SourceDate "2020.10.23"]
[SourceVersion "1"]
[SourceVersionDate "2020.10.23"]
[SourceQuality "1"]

1. e4 Nf6 2. e5 Nd5 3. d4 d6 4. Nf3 g6 5. Bc4 Nb6 6. Bb3 Bg7 7. 0-0 dxe5 8. Nxe5 0-0 9. h3 Bxe5 10. dxe5 Qxd1 11. Rxd1 Nc6 12. f4 Bf5 13. Nc3 Rfd8 14. Be3 Na5 15. g4 Nxb3 16. cxb3 Bc2 17. Rxd8+ Rxd8 18. Rc1 Bd3 19. Rd1 Rd7 20. Bxb6 axb6 21. a4 Kf8 22. Kf2 Ke8 23. Ke3 Bc2 24. Rxd7 Kxd7 25. b4 h5 26. Kd4 h4 27. a5 c5+ 28. bxc5 bxa5 29. Nd5 Bd1 30. Ke4 Kc6 31. Nxe7+ Kxc5 32. e6 fxe6 33. Nxg6 Bc2+ 34. Ke5 Bxg6 35. Kxe6 Bc2 36. f5 Kd4 37. f6 Bb3+ 38. Ke7 Ke5 39. f7 Bxf7 40. Kxf7 Kf4 41. Kf6 Kg3 42. g5 Kxh3 43. g6 Kg2 44. g7 h3 45. g8Q+ Kf2 1-0

[Event "Titled Tuesday intern op 1st Jan"]
[Site "Chess.com INT"]
[Date "2019.01.01"]
[Round "5"]
[White "Hosseinipour, Mehdi"]
[Black "Grigorov, Grigor"]
[Result "1-0"]
[WhiteElo "2284"]
[BlackElo "2502"]
[PlyCount "117"]
[EventDate "2019.01.01"]
[EventType "swiss (blitz)"]
[EventRounds "10"]
[EventCountry "USA"]
[SourceTitle "EXT 2021"]
[Source "ChessBase"]
[SourceDate "2020.10.23"]
[SourceVersion "1"]
[SourceVersionDate "2020.10.23"]
[SourceQuality "1"]

1. e4 e6 2. d4 d5 3. Nd2 c5 4. exd5 exd5 5. Ngf3 Nc6 6. Be2 cxd4 7. 0-0 Nf6 8. Nb3 Be7 9. Nbxd4 0-0 10. h3 Ne4 11. c3 Re8 12. Re1 Bd6 13. Bd3 a6 14. Bc2 Bc7 15. Nxc6 bxc6 16. Bxe4 dxe4 17. Qxd8 Bxd8 18. Nd4 Bd7 19. Bf4 a5 20. Rad1 a4 21. Nb5 cxb5 22. Rxd7 Bf6 23. a3 g5 24. Be3 Rad8 25. Red1 Rxd7 26. Rxd7 Rd8 27. Rb7 Rd5 28. Kf1 h5 29. g4 hxg4 30. hxg4 Kg7 31. Ke2 Kg6 32. Rb6 Kg7 33. Rc6 Be5 34. Bxg5 f6 35. Be3 Kf7 36. Rb6 Ke7 37. f3 exf3+ 38. Kxf3 Bc7 39. Rb7 Kd8 40. Bd4 Kc8 41. Ra7 Rd6 42. Ra8+ Kd7 43. Rf8 Bd8 44. Ke4 Re6+ 45. Kf5 Re2 46. Rf7+ Ke8 47. Rb7 Rxb2 48. Rb8 Kd7 49. c4 Rd2 50. Be3 Rd3 51. Ke4 Rxa3 52. cxb5 Rb3 53. Bd4 Bc7 54. Rb7 Kc8 55. Ra7 a3 56. Kd5 Rb4 57. Bc5 Rxb5 58. Kc6 Rxc5+ 59. Kxc5 1-0

[Event "IRI-chT 17th"]
[Site "Rasht"]
[Date "2018.11.02"]
[Round "4.2"]
[White "Lorparizangeneh, Shahin"]
[Black "Hosseinipour, Mehdi"]
[Result "1-0"]
[WhiteElo "2489"]
[BlackElo "2291"]
[PlyCount "67"]
[EventDate "2018.10.31"]
[EventType "team-swiss"]
[EventRounds "7"]
[EventCountry "IRI"]
[SourceTitle "CBM 187 Extra"]
[Source "ChessBase"]
[SourceDate "2018.11.04"]
[SourceVersion "1"]
[SourceVersionDate "2018.11.04"]
[SourceQuality "1"]
[WhiteTeam "Tehran Saipa"]
[BlackTeam "Daneshgah Azad"]
[WhiteTeamCountry "IRI"]
[BlackTeamCountry "IRI"]

1. d4 Nf6 2. c4 e6 3. Nf3 b6 4. a3 Bb7 5. Bf4 d5 6. cxd5 Nxd5 7. Bg3 Be7 8. e4 Nf6 9. Bb5+ c6 10. Bd3 Nbd7 11. Nc3 Nh5 12. Qe2 h6 13. Rd1 Nxg3 14. hxg3 Nf6 15. Qe3 Qc7 16. e5 Nd7 17. Be4 Rd8 18. g4 c5 19. d5 exd5 20. Nxd5 Bxd5 21. Bxd5 Nf8 22. g5 h5 23. Qb3 Ne6 24. g6 Rxd5 25. Qxd5 Qc8 26. Qe4 Rh6 27. Qa4+ Kf8 28. gxf7 Kxf7 29. Qxa7 Nf4 30. Rd7 Qe8 31. g3 Ne6 32. Nh4 Nd4 33. Rxd4 cxd4 34. Nf5 1-0

[Event "Avicenna op 15th"]
[Site "Hamedan"]
[Date "2018.08.20"]
[Round "5"]
[White "Molaei, Mohammadamin"]
[Black "Hosseinipour, Mehdi"]
[Result "1-0"]
[WhiteElo "2377"]
[BlackElo "2327"]
[PlyCount "155"]
[EventDate "2018.08.17"]
[EventType "swiss"]
[EventRounds "9"]
[EventCountry "IRI"]
[SourceTitle "CBM 186 Extra"]
[Source "ChessBase"]
[SourceDate "2018.08.24"]
[SourceVersion "1"]
[SourceVersionDate "2018.08.24"]
[SourceQuality "1"]

1. d4 Nf6 2. c4 e6 3. Nf3 b6 4. g3 Ba6 5. b3 Bb4+ 6. Bd2 Be7 7. Nc3 d5 8. cxd5 exd5 9. Bg2 0-0 10. 0-0 Bb7 11. Rc1 Nbd7 12. Bf4 c6 13. Qd3 Re8 14. Rfd1 Bb4 15. Ne5 Nxe5 16. dxe5 Ng4 17. e4 Bc5 18. Rc2 d4 19. Na4 Bf8 20. Qxd4 Qxd4 21. Rxd4 c5 22. Rd1 Nxe5 23. Nc3 f6 24. Rcd2 Kf7 25. Nb5 Re7 26. Nd6+ Kg8 27. Bxe5 fxe5 28. Bf1 Bc8 29. Bc4+ Be6 30. Nf5 Ree8 31. Bxe6+ Rxe6 32. Rd7 Rf6 33. R1d5 Rf7 34. Kf1 b5 35. Rxf7 Kxf7 36. Rd7+ Ke6 37. Rb7 c4 38. bxc4 bxc4 39. Rc7 Rb8 40. Rxc4 Rb2 41. Rc8 Kf7 42. Rc7+ Kf6 43. a4 a5 44. Ne3 Ra2 45. Nd5+ Ke6 46. Rc6+ Kd7 47. Rc4 Ke6 48. h4 Bd6 49. Kg2 Bf8 50. g4 Bd6 51. Kg3 Ra3+ 52. f3 Ra2 53. h5 Ra1 54. Nb6 Bf8 55. Rc6+ Kf7 56. Nc4 Rxa4 57. Nxe5+ Ke8 58. Rc8+ Ke7 59. Ra8 Ra1 60. Rxa5 Rg1+ 61. Kf2 Rb1 62. Ra6 Rb5 63. Nd3 Kf7 64. Ke3 Be7 65. e5 Rb3 66. Ke4 Rc3 67. f4 h6 68. Ra7 Rb3 69. g5 hxg5 70. fxg5 Rb1 71. Kf5 Rf1+ 72. Nf4 Ke8 73. g6 Bc5 74. h6 gxh6 75. g7 Rg1 76. Ra8+ Kf7 77. e6+ Kxg7 78. Nh5+ 1-0

[Event "Titled Tuesday intern op 1st May"]
[Site "Chess.com INT"]
[Date "2018.05.01"]
[Round "4"]
[White "Narayanan, Sunilduth Lyna"]
[Black "Hosseinipour, Mehdi"]
[Result "1-0"]
[WhiteElo "2574"]
[BlackElo "2327"]
[PlyCount "135"]
[EventDate "2018.05.01"]
[EventType "swiss (blitz)"]
[EventRounds "10"]
[EventCountry "USA"]
[SourceTitle "EXT 2021"]
[Source "ChessBase"]
[SourceDate "2020.10.23"]
[SourceVersion "1"]
[SourceVersionDate "2020.10.23"]
[SourceQuality "1"]

1. e4 g6 2. d4 Bg7 3. Bc4 e6 4. Bb3 Ne7 5. Nf3 d5 6. e5 c5 7. c3 b6 8. h4 h6 9. 0-0 Ba6 10. Re1 Nbc6 11. Bc2 Rc8 12. a3 0-0 13. Bf4 Nf5 14. Bxf5 gxf5 15. Nbd2 Kh7 16. Nf1 Rg8 17. Ng3 Qf8 18. Ng5+ Kh8 19. Nh5 Ne7 20. Nf6 Bxf6 21. exf6 Ng6 22. Bd6 Nxh4 23. Bxf8 Rxg5 24. Bg7+ Kh7 25. g3 f4 26. Re5 Nf5 27. Kg2 cxd4 28. Rxf5 exf5 29. Qxd4 Rc4 30. Rh1 Rxg7 31. fxg7 Rxd4 32. cxd4 fxg3 33. Kxg3 Kxg7 34. Kf4 f6 35. Kxf5 Bc8+ 36. Kf4 Ba6 37. Rh3 Bf1 38. Rc3 Kg6 39. b4 Bc4 40. Rg3+ Kf7 41. Rg1 h5 42. Rg3 Be2 43. Re3 Bc4 44. Kg3 a5 45. bxa5 bxa5 46. Kf4 a4 47. Re1 Bb3 48. Rh1 Kg6 49. Rg1+ Kf7 50. Rc1 Bc4 51. Rc3 Bb3 52. Rc7+ Kg6 53. Ra7 Bd1 54. Ra5 Bb3 55. Ra8 Bd1 56. Rg8+ Kf7 57. Rd8 Bb3 58. Rd7+ Kg6 59. Rd6 Kf7 60. Rc6 Kg6 61. Ra6 Bd1 62. Ra5 Bb3 63. Rc5 Kf7 64. Kf5 Kg7 65. Rc7+ Kh6 66. Kxf6 h4 67. Rc8 Bc2 68. Rxc2 1-0

[Event "Avicenna op 14th"]
[Site "Hamedan"]
[Date "2017.08.23"]
[Round "4"]
[White "Hosseinipour, Mehdi"]
[Black "Teterev, Vitaly"]
[Result "0-1"]
[WhiteElo "2274"]
[BlackElo "2504"]
[PlyCount "136"]
[EventDate "2017.08.21"]
[EventType "swiss"]
[EventRounds "9"]
[EventCountry "IRI"]
[SourceTitle "CBM 180 Extra"]
[Source "ChessBase"]
[SourceDate "2017.10.06"]
[SourceVersion "1"]
[SourceVersionDate "2017.10.06"]
[SourceQuality "1"]

1. e4 c5 2. Nf3 d6 3. d4 cxd4 4. Nxd4 Nf6 5. Nc3 a6 6. h3 g6 7. g4 Bg7 8. Bg2 0-0 9. Be3 Bd7 10. 0-0 Nc6 11. Qd2 Rc8 12. Nxc6 Bxc6 13. f4 b5 14. a3 Nd7 15. Bd4 e5 16. fxe5 Nxe5 17. b3 Qe7 18. Rac1 Bf6 19. Ne2 Rfe8 20. Nf4 Bg5 21. Rce1 Ba8 22. Kh1 Bb7 23. Re2 Nd7 24. Bb2 Ne5 25. Bd4 Qd8 26. Be3 h6 27. Rd1 Qc7 28. Nd3 Qe7 29. Nf4 Bc6 30. Qd4 Rcd8 31. Bc1 Qb7 32. Qf2 Qe7 33. Qd4 Nd7 34. Ree1 Bh4 35. Rf1 Ne5 36. Bb2 Bf6 37. Qb4 Nxg4 38. Bc1 Ne5 39. Qd2 Bg5 40. Qd4 Bb7 41. Rde1 Qc7 42. Re2 Qc5 43. Qd1 Rc8 44. Bb2 Qc7 45. Ref2 Bh4 46. Rd2 Rcd8 47. Nd5 Bxd5 48. Rxd5 Re6 49. Qe2 Rc8 50. c3 Qe7 51. Rfd1 Nd7 52. Qd2 Bg5 53. Qd4 Bf6 54. Qa7 Nc5 55. Qxe7 Bxe7 56. e5 dxe5 57. c4 bxc4 58. bxc4 e4 59. Bd4 f5 60. h4 h5 61. Bh3 Nd3 62. Rg1 Kf8 63. Be3 Rxc4 64. Bh6+ Kf7 65. Bxf5 gxf5 66. Rg7+ Kf6 67. Rg5 Rc1+ 68. Kh2 Bd6+ 0-1

[Event "Hamedan op"]
[Site "Hamedan"]
[Date "2017.08.16"]
[Round "7"]
[White "Hosseinipour, Mehdi"]
[Black "Rastbod, Ali"]
[Result "1/2-1/2"]
[WhiteElo "2274"]
[BlackElo "2296"]
[PlyCount "32"]
[EventDate "2017.08.12"]
[EventType "swiss"]
[EventRounds "11"]
[EventCountry "IRI"]
[SourceTitle "CBM 180 Extra"]
[Source "ChessBase"]
[SourceDate "2017.10.06"]
[SourceVersion "1"]
[SourceVersionDate "2017.10.06"]
[SourceQuality "1"]

1. d4 d5 2. Nc3 Nf6 3. Bf4 c5 4. e3 cxd4 5. Nb5 Qa5+ 6. b4 Qxb4+ 7. c3 dxc3 8. Nc7+ Kd8 9. Nxa8 c2+ 10. Qd2 Qb1+ 11. Qc1 Qb4+ 12. Qd2 Qb1+ 13. Qc1 Bf5 14. Bxb8 Qb4+ 15. Qd2 Qb1+ 16. Qc1 Qb4+ 1/2-1/2

[Event "Hamedan op"]
[Site "Hamedan"]
[Date "2017.08.13"]
[Round "3"]
[White "Hosseinipour, Mehdi"]
[Black "Mozaffari, Alireza"]
[Result "1/2-1/2"]
[WhiteElo "2274"]
[BlackElo "2003"]
[PlyCount "57"]
[EventDate "2017.08.12"]
[EventType "swiss"]
[EventRounds "11"]
[EventCountry "IRI"]
[SourceTitle "CBM 180 Extra"]
[Source "ChessBase"]
[SourceDate "2017.10.06"]
[SourceVersion "1"]
[SourceVersionDate "2017.10.06"]
[SourceQuality "1"]

1. d4 Nf6 2. c4 e6 3. Nc3 Bb4 4. e3 0-0 5. Nge2 d5 6. a3 Bd6 7. Ng3 c6 8. cxd5 exd5 9. Bd3 Re8 10. 0-0 a5 11. Qc2 Na6 12. Bd2 b5 13. f3 Qc7 14. Nce2 h5 15. Rfe1 h4 16. Nf1 Bd7 17. Bf5 b4 18. Rec1 Bxf5 19. Qxf5 c5 20. axb4 axb4 21. Be1 Qd7 22. Qxd7 Nxd7 23. Bxh4 c4 24. Bg3 Bxg3 25. Nexg3 Nc7 26. Kf2 Nb6 27. e4 Nb5 28. Ne3 dxe4 29. Nxe4 1/2-1/2

[Event "Tehran Paytakht Cup 1st"]
[Site "Tehran"]
[Date "2016.11.01"]
[Round "9"]
[White "Tabatabaei, Mohammad Amin"]
[Black "Hosseinipour, Mehdi"]
[Result "1-0"]
[WhiteElo "2486"]
[BlackElo "2255"]
[PlyCount "89"]
[EventDate "2016.10.25"]
[EventType "swiss"]
[EventRounds "9"]
[EventCountry "IRI"]
[SourceTitle "EXT 2018"]
[Source "ChessBase"]
[SourceDate "2017.10.13"]
[SourceVersion "1"]
[SourceVersionDate "2017.10.13"]
[SourceQuality "1"]

1. d4 Nf6 2. c4 e6 3. g3 c5 4. Nf3 cxd4 5. Nxd4 d5 6. Bg2 e5 7. Nf3 d4 8. 0-0 Nc6 9. e3 Be7 10. exd4 exd4 11. Bf4 0-0 12. Ne5 Qb6 13. Qb3 Qa6 14. Na3 Be6 15. Nb5 Na5 16. Qa4 Rac8 17. Nxd4 Bxc4 18. b4 Nc6 19. Qxa6 Bxa6 20. Nexc6 bxc6 21. Rfc1 Bxb4 22. a3 Be7 23. Nf5 Bd8 24. Bxc6 Bd3 25. Nd6 Rc7 26. Nb7 Rxc6 27. Rxc6 Bb6 28. Nd6 Ng4 29. Ra2 g5 30. Bxg5 Ne5 31. Rc3 Bd4 32. Rb3 Bc5 33. Be7 Ra8 34. Rab2 Kg7 35. Rb8 Rxb8 36. Rxb8 Bb6 37. Kg2 Nc6 38. Bf8+ Kg6 39. Rc8 Ne5 40. f4 Nd7 41. Be7 h6 42. g4 Ba6 43. Rg8+ Kh7 44. Re8 Bc7 45. Kg3 1-0

[Event "Tehran Paytakht Cup 1st"]
[Site "Tehran"]
[Date "2016.10.25"]
[Round "1"]
[White "Fier, Alexandr"]
[Black "Hosseinipour, Mehdi"]
[Result "1-0"]
[WhiteElo "2614"]
[BlackElo "2255"]
[PlyCount "55"]
[EventDate "2016.10.25"]
[EventType "swiss"]
[EventRounds "9"]
[EventCountry "IRI"]
[SourceTitle "EXT 2018"]
[Source "ChessBase"]
[SourceDate "2017.10.13"]
[SourceVersion "1"]
[SourceVersionDate "2017.10.13"]
[SourceQuality "1"]

1. d4 Nf6 2. c4 e6 3. Nc3 Bb4 4. e3 0-0 5. Nge2 d5 6. a3 Be7 7. cxd5 exd5 8. Nf4 c6 9. Bd3 Nbd7 10. 0-0 Re8 11. f3 Nf8 12. Bc2 Ne6 13. e4 Nxf4 14. Bxf4 Nh5 15. Be3 dxe4 16. fxe4 Bg5 17. Bxg5 Qxg5 18. Qf3 Rf8 19. e5 Bg4 20. Qd3 g6 21. Ne4 Qe7 22. Qd2 Rfd8 23. Qh6 Qf8 24. Qg5 Be2 25. Rf2 h6 26. Qe3 Bg4 27. Bb3 Bf5 28. g4 1-0

[Event "Avicenna op 13th"]
[Site "Hamedan"]
[Date "2016.08.25"]
[Round "2"]
[White "Darini, Pouria"]
[Black "Hosseinipour, Mehdi"]
[Result "1/2-1/2"]
[WhiteElo "2527"]
[BlackElo "2270"]
[PlyCount "126"]
[EventDate "2016.08.24"]
[EventType "swiss"]
[EventRounds "9"]
[EventCountry "IRI"]
[SourceTitle "CBM 174 Extra"]
[Source "ChessBase"]
[SourceDate "2016.10.10"]
[SourceVersion "1"]
[SourceVersionDate "2016.10.10"]
[SourceQuality "1"]

1. e4 c5 2. Nf3 Nc6 3. Bb5 Nf6 4. Nc3 g6 5. 0-0 Bg7 6. d3 0-0 7. Be3 b6 8. Qd2 Qc7 9. Rae1 d6 10. Bh6 Bb7 11. Bxg7 Kxg7 12. Bxc6 Bxc6 13. Nh4 h6 14. f4 Qd7 15. Re3 d5 16. exd5 Bxd5 17. Nxd5 Nxd5 18. Rg3 Nf6 19. Qc3 Kh7 20. f5 g5 21. Nf3 Rg8 22. Ne5 Qd5 23. a4 Rac8 24. Re3 Rge8 25. Rfe1 Kg7 26. Nf3 g4 27. Ne5 Qd4 28. Nc4 Qxc3 29. bxc3 Kf8 30. Ne5 h5 31. h3 Nd5 32. Rg3 e6 33. hxg4 hxg4 34. Rxg4 f6 35. Ng6+ Kf7 36. fxe6+ Rxe6 37. Rxe6 Kxe6 38. c4 Nb4 39. Re4+ Kf7 40. Nf4 Nxc2 41. Nd5 Nb4 42. Re7+ Kf8 43. Rh7 Rc6 44. Rxa7 Nxd5 45. cxd5 Rd6 46. Rb7 Rxd5 47. Rxb6 Ke7 48. Rb3 Kd6 49. a5 c4 50. Rb6+ Ke7 51. Rb7+ Ke6 52. Rb6+ Ke7 53. dxc4 Rxa5 54. Rb7+ Ke6 55. Rb6+ Ke7 56. Rb1 Kd6 57. Rd1+ Ke5 58. Kh2 Rc5 59. Re1+ Kd4 60. Rf1 Ke5 61. Rc1 Kd4 62. Kg3 Rxc4 63. Rf1 Ke5 1/2-1/2